000 00536nmm a2200157Ia 4500
008 251105s9999||||xx |||||||||||||||||und||
020 _a9789502319247
041 _aspa
100 _aMolina del Pozo, Carlos Francisco
245 0 _aEvolución histórica y jurídica de los procesos de integración de la Unión Europea y el Mercosur
264 _a[Buenos Aires, Argentina] :
_bEudeba,
_c2015
300 _a448 páginas
650 _aEconomics and Business
856 _uhttps://public.digitaliapublishing.com/a/128278
942 _cCF
999 _c93296
_d93296